00513nam a2200181 a 450000500170000000800410001701000140005802000230007203500130009503700150010804000170012308200080014010000210014824500470016926000370021627000570025330000210031020090807111726.0081110s2009 caua b 000 0 eng  aENG-94661 a8189537288c175.00 aEN-78194 bDBAD / PUB adplbEnglish a881 aGadhvi, Praveen  aThe voice of the last /cby Prveen Gadhvi  aDelhi bYash Publications c2008 aX/909, Chand Mohalla, Gandhi Nagar, bDelhi e110031 a72p. c22cm(Hb)